000 00819nam a22002297a 4500
999 _c12650
_d12650
003 AR-CdUCM
008 190409b ||||| |||| 00| 0 spa d
040 _aMUNICIPALIDAD PROVINCIAL DEL CUSCO
_cBIBLIOTECA MUNICIPAL DEL CUSCO
082 _a082 /
_bD76
100 _aDostoyevski, Fedor
_99032
245 _aObras Inmortales :
_bCrimen y Castigo /
260 _aMadrid :
_bE.D.A.F.,
_c[1960]
300 _a1954 paginas ;
_c17 cm.
_bIlustraciones,
440 _aColección Obras Inmortales
_930580
505 _aContenido : Los hermanos Karamazof -- Crimen y castigo -- Stepanchikovo y sus habitantes -- El jugador.
650 _aCuentos
_9312
650 _aBiografías
_9148
650 _aNarraciones
_9930
700 _aZambrano Barragán, J.(Traductor)
_930598
942 _2ddc
_cLIBROS
945 _awnts
_d2019-04-09